header

Ideologies of forgetting (Record no. 182285)

MARC details
000 -LEADER
fixed length control field 01546nam a2200373Ia 4500
100 1# - MAIN ENTRY--AUTHOR NAME
Personal name Weaver, Gina Marie,
245 10 - TITLE STATEMENT
Title Ideologies of forgetting
260 ## - PUBLICATION, DISTRIBUTION, ETC. (IMPRINT)
Place of publication Albany :
Name of publisher State University of New York Press,
Year of publication c2010.
300 ## - PHYSICAL DESCRIPTION
Number of Pages xvii, 198 p.
490 1# - SERIES STATEMENT
Series statement SUNY series in feminist criticism and theory
650 #0 - SUBJECT ADDED ENTRY--TOPICAL TERM
Topical Term Rape as a weapon of war
Topical Term Vietnam War, 1961-1975
Topical Term Rape victims
856 40 - ELECTRONIC LOCATION AND ACCESS
Uniform Resource Identifier http://site.ebrary.com/lib/rucke/Doc?id=10574164

No items available.

© 2026 Rongo University
Contact us: librarian | system librarian | Rongo university